| 000 | 00564nam a22002057a 4500 | ||
|---|---|---|---|
| 003 | SEACOMMC | ||
| 005 | 20231109051234.0 | ||
| 008 | 231109b |||||||| |||| 00| 0 eng d | ||
| 020 | _cRs. 425.00 | ||
| 040 | _aSEACOMMC | ||
| 082 |
_a005.133 _bBAR |
||
| 100 | 1 | _aBarnett, Richard | |
| 245 | 1 |
_aEmbedded C programming and the microchip PIC _cRichard Barnett, Larry O'Cull and Sarah Cox |
|
| 260 |
_aSingapore _bThomas _c2004 |
||
| 650 | _aComputer science | ||
| 650 | _aProgramming language | ||
| 700 | 1 | _aO'Cull, Larry | |
| 700 | 1 | _aCox, Sarah | |
| 942 | _cBOOK | ||
| 999 |
_c296 _d296 |
||